Пропуск в контексте

Правовое регулирование бережного и устойчивого оборота данных Монография

Монография посвящена актуальным проблемам оборота данных в цифровую эпоху. Исследуется концепция «бережного» оборота данных для защиты прав человека. Анализируется влияние технологий на права принципы «бережного» оборота регулирование больших данных соотношение данных и интеллектуальной собственност...

Fuld beskrivelse

Сохранить в:
Bibliografiske detaljer
Hovedforfatter: Ковалева Н.Н
Format: Монография
Udgivelse:1
Serier:Научная мысль
Online adgang:https://znanium.ru/catalog/document?id=468043
https://znanium.ru/cover/2209/2209356.jpg
Tags: Tilføj Tag
Ingen Tags, Vær først til at tagge denne postø!
LEADER 08049nam0a2200709 i 4500
001 RU\infra-m\znanium\bibl\2209356
003 https://znanium.ru/catalog/document?id=468043
005 20250807000000.0
010 |a 978-5-16-020996-8 
010 |a 978-5-16-113711-6  |b электр. издание 
100 |a 20250807d2025 m y0rusy0150 ca 
101 0 |a rus 
102 |a RU 
200 1 |a Правовое регулирование бережного и устойчивого оборота данных  |e Монография  |f Национальный исследовательский университет "Высшая школа экономики"  |g Саратовская государственная юридическая академия  |g Государственный академический университет гуманитарных наук  |g Национальный исследовательский университет "Высшая школа экономики"  |g Московский государственный юридический университет им. О.Е. Кутафина  |g Санкт-Петербургский государственный технологический институт (технический университет)  |g Промсвязьбанк 
205 |a 1 
210 1 |a Москва  |c ООО "Научно-издательский центр ИНФРА-М"  |d 2025 
215 |a 215 с. 
225 1 |a Научная мысль 
330 |a Монография посвящена актуальным проблемам оборота данных в цифровую эпоху. Исследуется концепция «бережного» оборота данных для защиты прав человека. Анализируется влияние технологий на права принципы «бережного» оборота регулирование больших данных соотношение данных и интеллектуальной собственности безопасность при развитии искусственного интеллекта. Особое внимание уделено персональным данным в трудовых отношениях и здравоохранении. Предназначена для научного сообщества практикующих юристов законодателей представителей IT-бизнеса и всех кто интересуется вопросами права в цифровом мире. 
333 |a Дополнительное профессиональное образование 
606 |a Право. Юридические науки  |x Право интеллектуальной собственности. Патентное право. Информационное право  |2 local 
608 |a Монография  |2 local 
675 |a 349(075.4)  |z rus 
686 |a 67.4  |2 rubbk 
686 |a 09.03.01  |2 okso 
686 |a 09.06.01  |2 okso 
686 |a 10.03.01  |2 okso 
686 |a 10.04.01  |2 okso 
686 |a 10.05.01  |2 okso 
686 |a 10.05.02  |2 okso 
686 |a 10.05.03  |2 okso 
686 |a 10.05.05  |2 okso 
686 |a 10.05.07  |2 okso 
686 |a 10.06.01  |2 okso 
686 |a 38.04.03  |2 okso 
700 1 |a Ковалева  |b Н.Н.  |g Наталья Николаевна  |p Национальный исследовательский университет "Высшая школа экономики" 
701 1 |a Холодная  |b Е.В.  |g Елена Викторовна  |p Московский государственный юридический университет им. О.Е. Кутафина 
701 1 |a Федоров  |b Д.А.  |g Дмитрий Александрович  |p Государственный академический университет гуманитарных наук 
701 1 |a Трубина  |b В.А.  |g Виолетта Александровна  |p Национальный исследовательский университет "Высшая школа экономики" 
701 1 |a Солдаткина  |b О. Л.  |g Оксана Леонидовна  |p Национальный исследовательский университет "Высшая школа экономики" 
701 1 |a Ошманкевич  |b К.Р.  |g Ксения Романовна  |p Национальный исследовательский университет "Высшая школа экономики" 
701 1 |a Московкина  |b Е.К.  |g Елизавета Кирилловна  |p Московский государственный юридический университет им. О.Е. Кутафина 
701 1 |a Магдилова  |b Л.В.  |g Лариса Владимировна  |p Дагестанский государственный университет 
701 1 |a Лескина  |b Э.И.  |g Элеонора Игоревна  |p Национальный исследовательский университет "Высшая школа экономики" 
701 1 |a Комашко  |b М.Н.  |g Марина Николаевна  |p Национальный исследовательский университет "Высшая школа экономики" 
701 1 |a Козловских  |b А.А.  |g Алина Андреевна  |p Национальный исследовательский университет "Высшая школа экономики" 
701 1 |a Зюбанов  |b К.А.  |g Кирилл Алексеевич  |p Национальный исследовательский университет "Высшая школа экономики" 
701 1 |a Дейнеко  |b А.Г.  |g Алексей Геннадьевич  |p Национальный исследовательский университет "Высшая школа экономики" 
701 1 |a Ересько  |b П.В.  |g Полина Владимировна  |p Саратовская государственная юридическая академия 
701 1 |a Жирнова  |b Н.А.  |g Наталья Александровна  |p Национальный исследовательский университет "Высшая школа экономики" 
701 1 |a Гонтарь  |b Л.О.  |g Людмила Олеговна  |p Санкт-Петербургский государственный технологический институт (технический университет) 
701 1 |a Васильева  |b А.С.  |g Алина Сергеевна  |p Промсвязьбанк 
701 1 |a Архангельская  |b Е.В.  |g Екатерина Владиславовна  |p Саратовская государственная юридическая академия 
712 0 2 |a Саратовская государственная юридическая академия 
712 0 2 |a Государственный академический университет гуманитарных наук 
712 0 2 |a Национальный исследовательский университет "Высшая школа экономики" 
712 0 2 |a Московский государственный юридический университет им. О.Е. Кутафина 
712 0 2 |a Санкт-Петербургский государственный технологический институт (технический университет) 
712 0 2 |a Промсвязьбанк 
801 0 |a RU  |b Общество с ограниченной ответственностью «ЗНАНИУМ»  |c 20250505  |2 rusmarc 
856 4 |a znanium.ru  |m ebs_support@infra-m.ru  |n НИЦ ИНФРА-М  |u https://znanium.ru/catalog/document?id=468043 
856 4 1 |a znanium.ru  |d /cover/2209  |f 2209356.jpg  |q image/jpeg  |u https://znanium.ru/cover/2209/2209356.jpg